Objetivos e instrumentos de la política económica española (Record no. 146341)

MARC details
000 -LEADER
campo de control de longitud fija 00661nam a2200181 i 4500
001 - NÚMERO DE CONTROL
campo de control 146341
003 - IDENTIFICADOR DE NÚMERO DE CONTROL
campo de control ES-MaACL
005 - FECHA Y HORA DE LA ÚLTIMA TRANSACCIÓN
campo de control 20230906201512.0
007 - CAMPO FIJO DE DESCRIPCIÓN FÍSICA--INFORMACIÓN GENERAL
campo de control de longitud fija t|
008 - DATOS DE LONGITUD FIJA--INFORMACIÓN GENERAL
campo de control de longitud fija 070906s1973 sp ||||1| spa d
100 1# - ENTRADA PRINCIPAL--NOMBRE DE PERSONA
Nombre de persona Trías Fargas, Ramón.
9 (RLIN) 111378
245 10 - MENCIÓN DEL TÍTULO
Título Objetivos e instrumentos de la política económica española
Resto del título : 1959-69 /
Mención de responsabilidad, etc. Ramón Trías Fargas.
260 ## - PUBLICACIÓN, DISTRIBUCIÓN, ETC.
Lugar de publicación, distribución, etc. [Madrid] :
Nombre del editor, distribuidor, etc. Moneda y Crédito,
Fecha de publicación, distribución, etc. 1973.
300 ## - DESCRIPCIÓN FÍSICA
Extensión 6 h., IV, 15-309 p., 5 h. pleg. ;
Dimensiones 23 cm.
500 ## - NOTA GENERAL
Nota general Precede al tít.: Servicios de Estudio en Barcelona. Banco Urquijo.
710 2# - ENTRADA AGREGADA--NOMBRE DE ENTIDAD CORPORATIVA
Nombre de entidad corporativa o nombre de jurisdicción como elemento de entrada Banco Urquijo.
Unidad subordinada Servicio de Estudios.
9 (RLIN) 2139
852 ## - LOCALIZACIÓN
Ubicación ES-MaACL
Número de control de estantería C-55193
Sublocalización o colección R.87792
Holdings
Estatus retirado Estado de pérdida Estado de daño No para préstamo Biblioteca de origen Biblioteca actual Ubicación en estantería Fecha de adquisición Fuente de adquisición Total de préstamos Signatura topográfica completa Código de barras Visto por última vez Precio de reemplazo Tipo de ítem Koha
        Biblioteca del Ateneo de Madrid Biblioteca del Ateneo de Madrid Depósito 2 17/01/2008     C-55193 1152743 23/02/2023 23/02/2023 Libro impreso